00645 2200217 4500001002100000005001500021035002000036245012100056100002400177250000600201300003900207700002800246260003500274082000800309084001400317020002200331650002300353990001700376990001700393990001700410INLIS00000000000083220190308010711 a0010-03190000451 aRahasia Sains Ensiklopedia Sains Untuk Anak :bSeri Energi /cAndarini Trisnasari; Penelaah, Bambang Gonggo Murcitro0 aAndarini Trisnasari a- aviii, 76 hlm. :bilus. ;c29,7 cm.0 aBambang Gonggo Murcitro aJakarta :bRizky Grafis,c2008 a503 a503 AND r a978-602-8179-08-9 aEnsiklopedia Sains a02979/H/2018 a02980/H/2018 a02986/H/2018